LEADER 01141nam0 2200265 450 001 000023290 005 20090219140158.0 100 $a20090219d1994----km-y0itay50------ba 101 0 $aeng 105 $aa-------101yy 200 1 $aProceedings of the ION GPS-94$e7th International Technical meeting of the Satellite Division of the Institute of Navigation$eSept. 20-23, 1994, Salt Palace Convention Center, Salt Lake City, Utah 210 $aAlexandria$cInstitute of Navigation$d1994 215 $a2 v.$cill.$d28 cm 500 10$aProceedings of the ION GPS-94$946413 517 1 $aION GPS-94 610 1 $aGeodesia astronomica 676 $a526.6$v20$9Astronomia geodetica e posizionale 710 12$aInternational Technical meeting of the Satellite Division of the Institute of Navigation$d<7. ;$f1994 ;$eSalt Lake City, Utah>$0633084 712 02$aInstitute of Navigation :$bSatellite Division 801 0$aIT$bUNIPARTHENOPE$c200900218$gRICA$2UNIMARC 912 $a000023290 951 $aS 526.6/25$bS C, 615$cDSA$d2009 951 $aS 526.6/24$bS C, 615$cDSA$d2009 996 $aProceedings of the ION GPS-94$946413 997 $aUNIPARTHENOPE LEADER 00793nam a2200205 i 4500 001 991004378128807536 008 940926s1994 it er 001 0 ita d 020 $a8870182428 040 $aBibl. Dip.le Aggr. Studi Umanistici - Sez. Filosofia$bita$cSocioculturale Scs 082 0 $a891.733$223 100 1 $aDostoevskij, Fëdor Mihajlov?c$0189389 245 10$aIn difesa di me stesso :$bdeposizioni e verbali del processo del 1849 contro il circolo di Petr?sevskij /$cF.M. Dostoevskij ; introduzione di Giovanni Buttafava 260 $aGenova :$bIl melangolo,$c1994 300 $a93 p. ;$c16 cm 490 1 $aNugae ;$v62 600 14$aDostoevskij, Fëdor Mihajlovic$xProcesso 830 0$aNugae ;$v62 912 $a991004378128807536 996 $aIn difesa di me stesso$94373934 997 $aUNISALENTO